000 00516nam a22001817a 4500
003 LK-CoDNM
005 20241220130152.0
008 241220b |||||||| |||| 00| 0 eng d
040 _aLK-CoDNM
_dLK-CoDNM
_eLK-CoDNM
041 _aeng
080 _a2
_bQ13
100 _ahenri coutiere
245 _aCatalogue of fossil cirrlpedia
_bvol i
_cTriassic and Jurassic
260 _blondon
_csold at the britch (nathural hisory ), ceomwell road
_g1928
300 _a131p. ; 23 cm
650 _ascience
942 _cBK
999 _c233845
_d233845